000 00548nam a2200229Ia 4500
005 20250425162145.0
008 250425s9999 xx 000 0 und d
020 _a9978810439
041 _aspa
043 _aec
082 _a342
100 _aEDICIONES, LEGALES
245 0 _aTEMAS DE DERECHO CONSTITUCIONAL
250 _a1A ED.
260 _aEcuador
_bEDICIONES LEGALES
_c2003
260 _aQUITO
300 _a386
650 _aDERECHO CONSTITUCIONAL
710 _aEDICIONES LEGALES DEL ECUADOR
942 _c01
010 _a53599
999 _c223482
_d223482